| 000 | 00481nam a2200181Ia 4500 | ||
|---|---|---|---|
| 005 | 20250326142016.0 | ||
| 008 | 250326s9999 xx 000 0 und d | ||
| 037 | _aTextbook | ||
| 040 |
_aFMSL _beng _cFMSL |
||
| 041 |
_aeng _2eng |
||
| 084 |
_aB215 M7 _qFMSL |
||
| 100 | _aWestwick C A | ||
| 245 | 0 |
_aHow to use management ratios _cWestwick C A |
|
| 260 |
_aEngland _bEngland, Gower _c1987 |
||
| 300 | _a439p | ||
| 942 |
_cTB _hB215 M7 |
||
| 999 |
_c1293017 _d1293017 |
||